La Economía y los economistas / (Record no. 138415)

MARC details
000 -LEADER
campo de control de longitud fija 00549nam a2200169 4500
001 - NÚMERO DE CONTROL
campo de control 138415
003 - IDENTIFICADOR DE NÚMERO DE CONTROL
campo de control ES-MaACL
005 - FECHA Y HORA DE LA ÚLTIMA TRANSACCIÓN
campo de control 20230906195548.0
007 - CAMPO FIJO DE DESCRIPCIÓN FÍSICA--INFORMACIÓN GENERAL
campo de control de longitud fija t|
008 - DATOS DE LONGITUD FIJA--INFORMACIÓN GENERAL
campo de control de longitud fija 070214s1962 sp r ||||1| spa d
100 1# - ENTRADA PRINCIPAL--NOMBRE DE PERSONA
Nombre de persona Sandoval Campdera, Juan María.
9 (RLIN) 103109
245 13 - MENCIÓN DEL TÍTULO
Título La Economía y los economistas /
Mención de responsabilidad, etc. por Juan María Sandoval Campdera.
260 ## - PUBLICACIÓN, DISTRIBUCIÓN, ETC.
Lugar de publicación, distribución, etc. Madrid :
Nombre del editor, distribuidor, etc. [s. n.],
Fecha de publicación, distribución, etc. 1962 (
Fabricante Gráf. Diana)
300 ## - DESCRIPCIÓN FÍSICA
Extensión 45 p. ;
Dimensiones 24 cm.
500 ## - NOTA GENERAL
Nota general Precede al tít.:Por la verdad, hacia la justicia social.
852 ## - LOCALIZACIÓN
Ubicación ES-MaACL
Número de control de estantería 2025-F-23
Sublocalización o colección R.49898
Holdings
Estatus retirado Estado de pérdida Estado de daño No para préstamo Colección Biblioteca de origen Biblioteca actual Ubicación en estantería Fecha de adquisición Fuente de adquisición Total de préstamos Signatura topográfica completa Código de barras Visto por última vez Precio de reemplazo Tipo de ítem Koha
        Colección de folletos Biblioteca del Ateneo de Madrid Biblioteca del Ateneo de Madrid Depósito folletos 17/01/2008     2025-F-23 1144029 23/02/2023 23/02/2023 Folleto